Ο ηθοποιός ανάμεσα στη σκηνή και στην οθόνη

Αποθηκεύτηκε σε:
Λεπτομέρειες βιβλιογραφικής εγγραφής
Άλλοι συγγραφείς: Αδάμου, Χριστίνα (edtf)
Μορφή: Βιβλίο
Γλώσσα:Greek
Δημοσίευση: Αθήνα : Καστανιώτης, 2008.
Σειρά:Κινηματογράφος (Καστανιώτης)
Θέματα:
Ετικέτες: Προσθήκη ετικέτας
Δεν υπάρχουν, Καταχωρήστε ετικέτα πρώτοι!

MARC

LEADER 00000nam a2200000 a 4500
001 1/114708
008 170824s2008####gr | ||| |||| ||gre||
020 |a 9789600348439  
040 |a GR-MyUa  |b gre  |c GR-MyUa  |e AACR2 
041 0 |a gre 
082 7 |a 791.43028   |2 (23) 
245 0 2 |a Ο ηθοποιός ανάμεσα στη σκηνή και στην οθόνη /   |c Χριστίνα Αδάμου (επιμέλεια)  
260 |a Αθήνα :   |b Καστανιώτης,   |c 2008.  
300 |a 361 σ. ;   |c 24 εκ.  
490 1 |a (Κινηματογράφος) 
504 |a Περιλαμβάνει βιβλιογραφία.  
650 0 |a Motion pictures actors and actresses  |z Greece. 
650 0 |a Theater  |z Greece. 
650 0 |a Actors  |z Greece. 
650 0 |a Actresses  |z Greece. 
700 1 |a Αδάμου, Χριστίνα,  |e edtf 
830 0 |a Κινηματογράφος (Καστανιώτης) 
852 |a INST  |b LESVOS  |c EUDOXUS  |e 20170824  |h 792.028 ΗΘΟ  |p 005100059775  |q 005100059775  |t EDX  |y 0 
920 |a Εύδοξος  |b Παραγγελία  |y Λέσβος-ΤΠΤΕ  |z 2017-05 
970 |a Τζαφέρη  |b Ευαγγελία  |z 24-08-2017